00965nam a2200217 a 450000100100000000500170001000800410002702000150006804000250008308200220010810000420013024500530017225000110022526000680023630000270030459000270033195201260035895201200048495201260060499900170073000003044720200930062322.0110517s2011 dr a 000 j spa d a0965015432 aDO-SdBNPbspacBNPHU axxxxbR457c, 20111 aReyes Vicente, Damarys,d1976-95708414aLos cuentos de Syramar /cDamarys Reyes Vicente. a2a ed. aSan Juan, Puerto Rico :bMakarios,c2011eSanto DomingofBúho a68 p. :bil. ;c22 cm. aInventariado, 2018/ YL 0010718DSaGRbGRcCTd2011-05-17iLF1l0oxxxx R457c, 2011p30447-30r2020-06-25te. 3w2020-06-25yLFDSZNo se presta 0010718PDaPDbPDcCTd2011-05-17iLF1l0oxxxx R457c, 2011p30447-10r2020-06-25w2020-06-25yLFPDZNo se presta 0010718PDaPDbPDcCTd2011-05-17iLF1l0oxxxx R457c, 2011p30447-20r2020-06-25te. 2w2020-06-25yLFPDZNo se presta c29939d29939